000 00607nam a22001937a 4500
003 DO-CoUTE
005 20260317141438.0
008 260317b dr ||||| |||| 00| 0 spa d
040 _aDO-CoUTE
_bspa
_cDO-CoUTE
082 _a863.1342C335A
100 1 _aCasartelli, Mario
_eAutor
245 1 0 _aAcuérdate que te espero :
_bSeleccion de poemas amorosos /
_cMario Casartelli
260 _aParaguayo ;
_bSERVI LIBRO,
_c2013
300 _a129 Paginas :
_c23cm,
504 _aIncluye referencia bibliográfica e índice.
650 4 _aPoema
700 1 _aMario Casartelli
_eAutor
942 _2ddc
_cBK
999 _c24098
_d24098